Montana's Largest Cities A-Z Quiz Stats

Quiz not verified by Sporcle

Challenge
Share
Tweet
Embed
Score 0/21 Timer 05:00
0 Plays Today
Letter City/Town % Correct
BBillings
98.1%
HHelena
92.5%
MMissoula
92.5%
GGreat Falls
81.1%
KKalispell
75.5%
AAnaconda
71.7%
LLivingston
54.7%
WWhitefish
52.8%
SSidney
37.7%
DDillon
35.8%
PPolson
30.2%
Letter City/Town % Correct
CColumbia Falls
28.3%
RRed Lodge
22.6%
FForsyth
20.8%
EEast Helena
17%
TTownsend
15.1%
IIsmay
13.2%
NNashua
13.2%
VValier
13.2%
OOpheim
11.3%
JJoliet
9.4%

You're not logged in!

Compare scores with friends on all Sporcle quizzes.
Sign Up with Email
OR
Log In

You Might Also Like...

Show Comments

Extras

Top Quizzes Today


Score Distribution

Your Account Isn't Verified!

In order to create a playlist on Sporcle, you need to verify the email address you used during registration. Go to your Sporcle Settings to finish the process.

Report this User

Report this user for behavior that violates our Community Guidelines.

Details: